Statystyki dla Wsię w gminie Sędziszów (Świętokrzyskie)

Kliknij tutaj aby rozwiązać quiz!

Ogólne statystyki

  • Ten quiz został rozwiązany 16 razy
  • Średni wynik to 9 z 32

Statystyki odpowiedzi

Pierwsze 2 litery nazwyNazwa wsi% Poprawnych
BoBoleścice
55%
KlKlimontów
55%
KrKrzcięcice
55%
PaPawłowice
55%
TaTarnawa
45%
AlAleksandrów
36%
BoBorszowice
36%
GnGniewięcin
36%
KrKrzelów
36%
ŁoŁowinia
36%
PiPiołunka
36%
PrPrzełaj
36%
SwSwaryszów
36%
CzCzekaj
27%
GrGrązów
27%
MiMierzyn
27%
MsMstyczów
27%
Słaboszowice
27%
SoSosnowiec
27%
SzSzałas
27%
ZiZielonki
27%
BiBiałowieża
18%
JeJeżów
18%
KlKlimontówek
18%
PiPiła
18%
Pr | CzPrzełaj Czepiecki
18%
TaTarnawa-wydanka
18%
WoWojciechowice
18%
BuBugaj
9%
CzCzepiec
9%
MaMarianów
9%
PoPodsadek
9%

Rozkład punktacji

Percentyl według liczby udzielonych odpowiedzi

Procent ludzi z każdym wynikiem

Twoja historia wyników

Nie rozwiązałeś tego quizu